000 00732cab a2200241 4500
001 WB3109-14
008 090401t1995 xxu||||| |||| 00| 0 eng d
035 _a(Sirsi) u15426
041 _aeng
245 _aManchester tops office development
260 _c1995
350 _a0
490 _aProperty Week
_v50(9) 2 March 1995, 10(1)
520 _aAccording to Richard Ellis, Manchester has the most active regional office development programme and bright prospects for rental growth.
650 _aDEVELOPMENT
650 _aMANCHESTER
650 _aRECOVERY
650 _aREGIONAL CENTRES
650 _aCBRE
690 _aPROPERTY-COMMERCIAL PROPERTY-COMMERCIAL PROPERTY MARKET
942 _n0
948 _c04/03/1997
999 _c10114
_d10114